00614pam a2200145 a 4500020002600000040000800026082002600034245013000060260007400190300003400264650002800298700002400326856006300350856005500413 a0521392195 (hardback) cDLC00a330 CAM 1991 A064 Or.10aEquilibrium theory and applications :bproceedings of the Sixth International Symposium in Economic Theory and Econometrics / aCambridge [England] ;aNew York :bCambridge University Press,c1991. axii, 480 p. :bill. ;c24 cm. 0aEquilibrium (Economics)1 aBarnett, William A.42uhttp://www.loc.gov/catdir/description/cam024/91010539.html41uhttp://www.loc.gov/catdir/toc/cam029/91010539.html